Illustrated genera of imperfect fungi

Gardado en:
Detalles Bibliográficos
Autor Principal: Barnett, H. L
Outros autores: Hunter, Barry B
Formato: Libro
Idioma:inglés
Publicado: Minneapolis, USA Burgess Publishing Company 1972
Edición:tercera edición
Subjects:
Tags: Engadir etiqueta
Sen Etiquetas, Sexa o primeiro en etiquetar este rexistro!

MARC

LEADER 00000nam a2200000 a 4500
001 UCR5328
003 CL-VaPUC
005 20211104074321.0
008 980327e19720000US |||||||||||||||||eng|d
999 |c 267943  |d 267941 
040 |c Pontificia Universidad Católica de Valparaíso 
082 0 4 |a 589.24 BAR 1972  |2 21 
100 0 |a Barnett, H. L  |9 406107 
245 1 0 |a Illustrated genera of imperfect fungi 
250 |a tercera edición 
260 |a Minneapolis, USA  |b Burgess Publishing Company  |c 1972 
300 |a 241 páginas 
583 |a last modification  |c 19980327 00:00:00  |k Rodrigo Vera 
650 7 |a HONGOS IMPERFECTOS  |2 CL-VaPUC  |9 406109 
650 0 |a Hongos  |9 261629 
700 0 |a Hunter, Barry B  |9 406108 
942 |c BK  |2 ddc 
945 |d 19980327 00:00:00  |a crobeson 
952 |0 0  |1 0  |2 ddc  |4 0  |6 589_240000000000000_BAR_1972  |7 0  |8 A  |9 300781  |a BIBALI  |b BIBALI  |c GEN  |d 2019-11-20  |i 1973215  |o 589.24 BAR 1972  |p 1973215  |r 2025-01-20  |t 3  |w 2019-11-20  |y BK  |k ALI 
952 |0 0  |1 0  |2 ddc  |4 0  |6 589_240000000000000_BAR_1972  |7 0  |8 A  |9 300782  |a BIBCUR  |b BIBCUR  |d 2019-11-20  |i 365916K  |o 589.24 BAR 1972  |p 365916K  |r 2025-04-22  |t 1  |w 2019-11-20  |y BK  |k BIO 
952 |0 0  |1 0  |2 ddc  |4 0  |6 589_240000000000000_BAR_1972  |7 0  |8 A  |9 300783  |a BIBCUR  |b BIBCUR  |d 2019-11-20  |i 3659178  |o 589.24 BAR 1972  |p 3659178  |r 2025-04-22  |t 2  |w 2019-11-20  |y BK  |k BIO